00458nam a2200169Ia 4500999001700000003000400017005001700021008004100038040000900079082001800088100002900106245004200135260004200177300000900219650001800228942004200246 c12162d12162OSt20201005131730.0190216s9999||||xx |||||||||||||| ||und|| coclc a813.52bJHA/B aJhabvala, Prawer R95281 0aA Backward Place /cR Prawer Jhabvala bOrient Paper Back,c1965.aNew delhi: a236p aEnglish Novel cBK2ddch813.52iJHA/Bk813.52mJHA/B